| 000 | 00656nam a2200217 a 4500 | ||
|---|---|---|---|
| 005 | 20230308063630.0 | ||
| 008 | 060920s1986 000 eng d | ||
| 020 | _a0306422433 | ||
| 035 | _aUPN01000148846 | ||
| 049 | _aCG | ||
| 050 | 4 |
_aQP411 _bK5.3 |
|
| 100 | 1 |
_aKissin, Benjamin, _d1917- |
|
| 245 | 1 | 0 |
_aConscious and unconscious programs in the brain / _cBenjamin Kissin. |
| 260 |
_aNew York : _bPlenum Medical Book, _c1986. |
||
| 300 |
_a384 p. : _bil. |
||
| 440 | 0 |
_aPsychobiology of human behavior ; _v1 |
|
| 650 | 7 |
_aConciencia (Psicología) _2 _910995 |
|
| 650 | 4 |
_aPSICOBIOLOGIA _96590 |
|
| 650 | 4 |
_aNeuropsicología _910531 |
|
| 905 | _aLibro | ||
| 999 |
_c120987 _d120987 |
||